000 00513nam a2200157Ia 4500
008 210716s2003 xx 000 0 und d
020 _a0070530882
041 _aeng
082 _a658.802 WALO
100 _aWalker, Orville;Boyd, Harper W;Mullins, John;Jarreche, Jean- Claude.
245 _aMarketing strategy: decision- focused approach.
_bDecision- focused approach.
250 _a4
260 _aNew Delhi
_bTata Mc Graw Hill Publishing Company
_c2003
300 _axviii,365
650 _aMarketing Strategy
999 _c197723
_d197723